Statistics for Formula One Teams

Click here to take the quiz!

General Stats

  • This quiz has been taken 4,750 times
    (4,749 since last reset)
  • The average score is 8 of 12

Answer Stats

Answer % Correct
Ferrari
97%
Red Bull
95%
Mercedes
91%
McLaren
90%
Williams
81%
Force India
77%
Lotus
70%
Sauber-Ferrari
69%
Marussia-Cosworth
48%
Caterham
46%
HRT-Cosworth
33%
STR-Ferrari
18%

Score Distribution

Percentile by Number Answered

Percent of People with Each Score

Your Score History

You have not taken this quiz since the last reset